Textbook of engineering mathematics / (Record no. 73654)

MARC details
000 -LEADER
fixed length control field 00833nam a22002417a 4500
005 - DATE AND TIME OF LATEST TRANSACTION
control field 20130218124652.0
008 - FIXED-LENGTH DATA ELEMENTS--GENERAL INFORMATION
fixed length control field 130218t xxu||||| |||| 00| 0 eng d
010 ## - LCCN (DPL NO)
LC control number ENG-106665
020 ## - INTERNATIONAL STANDARD BOOK NUMBER
International Standard Book Number 9789381075579
Terms of availability 295.00
035 ## - SYSTEM CONTROL NUMBER
System control number EN-90198
037 ## - SOURCE OF ACQUISITION
Source of stock number/acquisition DBAD/PUB
040 ## - CATALOGING SOURCE
Original cataloging agency DPL
Language of cataloging Eng
082 ## - DEWEY DECIMAL CLASSIFICATION NUMBER
Classification number 620.00151
100 ## - MAIN ENTRY--PERSONAL NAME
9 (RLIN) 45189
Personal name Rao, G. Shanker
245 ## - TITLE STATEMENT
Title Textbook of engineering mathematics /
Statement of responsibility, etc by G. Shanker Rao
250 ## - EDITION STATEMENT
Edition statement Vol.I
260 ## - PUBLICATION, DISTRIBUTION, ETC. (IMPRINT)
Place of publication, distribution, etc Hyderabad
Name of publisher, distributor, etc BS Publications
Date of publication, distribution, etc 2012
270 ## - ADDRESS
Address 4-4-309, Giriraj Lane, Sultan Bazar
City Hyderabad
Postal code 500095
300 ## - PHYSICAL DESCRIPTION
Extent xiii, 537p.
Dimensions 24cm(pbk)
700 ## - ADDED ENTRY--PERSONAL NAME
9 (RLIN) 45280
942 ## - ADDED ENTRY ELEMENTS (KOHA)
Source of classification or shelving scheme Dewey Decimal Classification
Item type English Books
Classification part 620.00151
Call number suffix RAO
Holdings
Withdrawn status Lost status Source of classification or shelving scheme Damaged status Not for loan Collection code Home library Current library Date acquired Source of acquisition Cost, normal purchase price Total Checkouts Full call number Barcode Date last seen Copy number Cost, replacement price Koha item type
    Dewey Decimal Classification     Non-fiction D.B.Act.Division D.B.Act.Division 18/02/2013 DBAD/PUB 295.00   620.00151 RAO EN-90198 18/02/2013 1 295.00 English Books

© Delhi Public Library
Hit Counter
free hit counter